| 000 | 01655cam a2200481 a 4500 | ||
|---|---|---|---|
| 001 | 1738 | ||
| 003 | FISKH | ||
| 005 | 20230925132818.0 | ||
| 008 | 060307s2005 nyuab b 000 1 eng d | ||
| 010 | _a 2006295565 | ||
| 020 | _a0439691443 (pbk.) | ||
| 020 | _a1415606846 (BWI bdg.) | ||
| 020 | _a9780439691444 | ||
| 035 | _a(OCoLC)ocm60585209 | ||
| 040 |
_aBKX _cBKX _dBAKER _dOCLCQ _dEHH _dX#4 _dVP@ _dXY4 _dFISKH _dDLC _beng |
||
| 041 | 1 |
_aeng _hita |
|
| 042 |
_alcac _alccopycat |
||
| 043 | _an-usp-- | ||
| 050 | 0 | 0 |
_aPZ7 _b.W645769 2005 |
| 082 | 0 | 4 |
_a[Fic] _222 |
| 100 | 1 | _aStilton, Geronimo. | |
| 240 | 1 | 0 |
_aQuattro topi nel far west! _lEnglish. |
| 245 | 1 | 4 |
_aThe wild, wild West / _cGeronimo Stilton ; [illustrations by Larry Keys and Ratterto Rattonchi]. |
| 260 |
_aNew York : _bScholastic, _c2005. |
||
| 300 |
_a106 pages : _bcolor illustrations, maps ; _c20 cm. |
||
| 500 | _a"English translation... by Edizioni Piemme S.p.A."--T.p. verso. | ||
| 505 | _aH | ||
| 520 | _aGeronimo Stilton finds himself in the wild West, where he becomes involved in a showdown with the "wickedest" rat of Cactus City. | ||
| 521 | 0 |
_a460
_bLexile |
|
| 521 | 1 |
_aH
_bRaz-Plus |
|
| 600 | 1 | 0 |
_aStilton, Geronimo _vJuvenile fiction. |
| 650 | 0 | _aWestern stories. | |
| 650 | 0 |
_aMice _vJuvenile fiction. |
|
| 650 | 0 |
_aRats _vJuvenile fiction. |
|
| 650 | 1 |
_aMice _vFiction. |
|
| 650 | 1 |
_aRats _vFiction. |
|
| 650 | 1 |
_aJournalists _vFiction. |
|
| 650 | 1 | _aHumorous stories. | |
| 651 | 1 |
_aWest (U.S.) _vFiction. |
|
| 906 |
_a7 _bcbc _ccopycat _d2 _encip _f20 _gy-gencatlg |
||
| 942 |
_2ddc _cBK _n0 |
||
| 999 |
_c1738 _d1738 |
||